000 01536nam0a22002891 4500
001 rc\3533429
005 20250610014728.0
021 _aRU
_b69-31199
021 _aRU
_bРг6400-69
035 _a(NLR Aleph) 007629722
090 _a6010334
_c6010334
100 _a20130115d1969 |||y0rusy50 ca
101 0 _arus
102 _aRU
105 _ay z |||||
200 1 _aВиды информационных изданий и возможность их машинной обработки
_eПо 4 направлению разработки прогноза
_eВиды информац. обслуживания
_e[Доклад
_fСовет экон. взаимопомощи. Постоянная комис. по координации науч. и техн. исследований. Междунар. симпозиум стран-членов СЭВ "Разработка прогноза развития науч.-техн. информации". (Москва, 30 сент. - 4 окт. 1968 г.)
210 _aМосква
_cБ. и.
_d1969]
215 _a[1], 11 л.
_d32
309 _aОтпеч. множит. аппаратом
700 1 _aВладикович
_bВ.
_gВесна
712 1 2 _a"Разработка прогноза развития науч.-техн. информации", междунар. симпозиум стран-членов СЭВ (1968; Москва)
801 0 _aRU
_bNLR
_gpsbo
801 1 _aRU
_bELAR
_2rusmarc
852 _aNLR
_j69-9/178
942 _cBOOK
980 _aNB